Countries That Gained Independence in 1980 or Later - Statistics

General Stats
  • This quiz has been taken 334 times
    330 since last reset
  • The average score is 26 of 37
Answer Stats
Independence Country % Correct
July 9, 2011 South Sudan
95%
17 February 2008 Kosovo
92%
August 20, 1991 Estonia
87%
August 24, 1991 Ukraine
87%
August 25, 1991 Belarus
86%
December 16, 1991 Kazakhstan
86%
August 21, 1991 Latvia
86%
April 27, 1992 Serbia (and Montenegro)
86%
October 27, 1991 Turkmenistan
86%
September 6, 1991 Lithuania
85%
September 9,1991 Tajikistan
84%
June 25, 1991 Croatia
83%
3 June 2006 Montenegro
83%
June 25, 1991 Slovenia
82%
September 1, 1991 Uzbekistan
81%
September 21, 1991 Armenia
80%
April 9, 1991 Georgia
80%
August 31, 1991 Kyrgyzstan
80%
October 18, 1991 Azerbaijan
79%
March 1, 1992 Bosnia and Herzegovina
79%
August 27, 1991 Moldova
78%
Septemer 17, 1991 Macedonia
77%
January 1, 1993 Slovakia
77%
January 1, 1993 Czech Republic
74%
May 20, 2002 East Timor
72%
August 24, 1991 Russia
69%
May 24, 1993 Eritrea
58%
October 1, 1994 Palau
58%
October 21, 1986 Marshall Islands
46%
November 3, 1986 Micronesia
42%
September 19, 1983 Saint Kitts and Nevis
41%
July 30, 1980 Vanuatu
40%
November 1, 1981 Antigua and Barbuda
38%
March 21, 1990 Namibia
38%
January 1, 1984 Brunei
37%
September 21, 1981 Belize
32%
April 18, 1980 Zimbabwe
29%
No matching quizzes found
Score Distribution
Percent of People with Each Score
Percentile by Number Answered
Your Score History
You have not taken this quiz since the last reset